000 00190 a2200097 4500
020 _a9789580488361
041 _aspa
100 _aColl, Ivar Da
245 _aNano, Va a la playa
942 _cBK
999 _c26918
_d26918